| 000 | 01038nam a22002417a 4500 | ||
|---|---|---|---|
| 999 |
_c63938 _d63938 |
||
| 005 | 20240530110706.0 | ||
| 008 | 171225s2015 ua a g b 000 0dara d | ||
| 017 |
_a2014/19535 _bمصر. دار الكتب |
||
| 020 | _a9789774951985 | ||
| 040 |
_aEG-CaGPL _cEG-CaGPL |
||
| 082 | 0 | 4 |
_221 _a412\ _bأ س |
| 100 | 0 | _aابوتمام احمد ميرغنى عيسوى | |
| 245 | 1 | 2 |
_aالسياق اللغوى فى القصص القرانى : _bدراسة فى علم اللغة : نحو نظرية للسياق والسياق اللغوى بين الدلالة الادبية واللغوية والقرانية / _cتأليف ابوتمام احمد ميرغنى عيسوى . |
| 250 | _aط.1 | ||
| 260 |
_aالقاهرة : _bدار العالم العربى ، _c2015 . |
||
| 300 |
_a303 ص. ؛ _c24 سم. |
||
| 504 | _aببليوجرافية : 291 - 296 | ||
| 650 | 0 | 7 |
_2qrmak _aقصص القران |
| 650 | 0 | 7 |
_2qrmak _aقصص القران |
| 651 | _2qrmak | ||
| 942 |
_2ddc _cBK |
||